| 000 | 01251nam a22002657a 4500 | ||
|---|---|---|---|
| 001 | 7971 | ||
| 003 | FISKH | ||
| 005 | 20250815121536.0 | ||
| 008 | 250815b cb ||||| |||| 00| 0 eng d | ||
| 040 |
_aFISKH _beng _cFISKH _dFISKH |
||
| 050 | _aPZ7.M64 | ||
| 082 | _a823.912 | ||
| 100 | _aMilne, A. A. | ||
| 245 |
_aPiglet meets a Heffalump / _c A. A. Milne ; illustrated by Andrew Grey |
||
| 260 |
_aUnited States : _bDutton Children's book, _c1990. |
||
| 300 |
_a28 unnumbered pages : _bcolor illustrations ; _c15 cm |
||
| 505 | _aQ | ||
| 520 | _aGenerations of children have grown up on Winnie the Pooh's adventures with his forest friends. These sparkling audio adaptations of A.A. Milne's beloved stories-now available on CD-feature an all-star cast of readers, including Oscar winner Judi Dench. Three cheers for that silly old bear! & In Piglet meets a Heffalump, Eeyore has a birthday and gets two presents, Kanga and Baby Roo come to the Forest, Piglet has a bath, and Christopher Robin leads an expedition to the North Pole. | ||
| 521 | 8 |
_a660
_bLexile estimate |
|
| 521 | 8 |
_aQ
_bRaz-Plus |
|
| 650 |
_aPicture Book _vJuvenile Fiction |
||
| 700 |
_aGrey, Andrew _eillustrator |
||
| 942 |
_2ddc _cBK _n0 |
||
| 999 |
_c7971 _d7971 |
||